Statistics for Africa Cup of Nations Winners

Click here to take the quiz!

General Stats

  • This quiz has been taken 217 times
  • The average score is 14 of 17

Answer Stats

Answer% Correct
Egypt
99%
Algeria
98%
Nigeria
98%
South Africa
96%
Ivory Coast
95%
Morocco
95%
Senegal
95%
Ghana
94%
Cameroon
93%
Tunisia
93%
Sudan
90%
Ethiopia
86%
D. R. Congo
83%
Rep. of the Congo
76%
Zambia
65%
United Arab Republic
42%
Zaire
39%

Score Distribution

Percentile by Number Answered

Percent of People with Each Score

Your Score History

You have not taken this quiz